00530 2200181 4500001002100000005001500021008004100036020002200077035001900099041000700118082001300125090001900138100002300157245007700180260003400257300003500291650002200326INLIS00000000000214020241224112501241224||||||||| | ||| |||| || |  a978-979-3027-40-1 0010-1224002140 aid0 a610.7301 a610.7301 AZI p0 aA. Aziz Halimul H.00aPengantar Kebutuhan Dasar Manusia:Aplikasi Konsep dan Proses Keperawatan aJakartabSalemba Medikac2012 axii, 266 hlm. : ilus, ; 23 cm. 0aIlmu Keterampilan